| 000 | 01064aam a2200361 i 4500 | ||
|---|---|---|---|
| 001 | vtls000832054 | ||
| 003 | PNM | ||
| 005 | 20221219151821.0 | ||
| 008 | 170711s2017 my g 000 f may | ||
| 015 | _aM18-10295 | ||
| 020 |
_a9789670907635 _qpaperback _cRM0.00 |
||
| 039 | 9 |
_a201812271738 _bazura_a _c201809261434 _draihan _c201808241100 _dben _c201808070927 _dain |
|
| 040 |
_aBNM _beng _cBNM _dPNM _dPPAK _erda |
||
| 049 | _aklpmal | ||
| 082 | 0 | 4 |
_a899.2333 _223 |
| 090 | 0 | 0 |
_a899.2333 _bAZI _dG |
| 100 | 0 |
_aAzieana, _d1973- _eauthor. |
|
| 245 | 1 | 0 |
_aDIA, Cinta HATIKU? / _cAZIEANA |
| 264 | 1 |
_aKuala Lumpur : _bLOVE NOVEL PUBLISHING SDN. BHD., _c[2017?] |
|
| 300 |
_a627 pages : _c18 cm |
||
| 336 |
_atext _2rdacontent |
||
| 337 |
_aunmediated _2rdamedia |
||
| 338 |
_avolume _2rdacarrier |
||
| 650 | 1 | 0 | _aMalaysian fiction (Malay) |
| 650 | 2 | 0 | _aMalay fiction |
| 942 |
_2ddc _cB |
||
| 949 |
_62000680108 _aAZI M |
||
| 949 |
_62000680111 _aAZI M |
||
| 949 |
_62000680109 _aAZI M |
||
| 949 | _61001388186 | ||
| 949 | _61001388187 | ||
| 949 | _61001388188 | ||
| 999 |
_c189509 _d189509 |
||